000 00662cab a2200217 4500
001 WB3429-45
008 090401t1998 xxu||||| |||| 00| 0 eng d
035 _a(Sirsi) u87687
041 _aeng
245 _aHousing affects farm sales
260 _c1998
350 _a0
490 _aFarmers' Weekly
_v129(4) 24 July 1998, 92(1)
520 _aWell located farm units with good houses are selling the best in the south-west at present, often to non-farming buyers according to Strutt and Parker.
650 _aFARM SALES
650 _aRESIDENTIAL UNIT
650 _aSOUTH-WEST ENGLAND
690 _aRURAL PRACTICE
942 _n0
948 _c28/07/1998
999 _c55320
_d55320